| 000 | 00373 a2200133 4500 | ||
|---|---|---|---|
| 040 |
_aDLC _bDLC |
||
| 082 | _a297.09 SAA | ||
| 100 | _aDr. Saad Siddiqui | ||
| 245 |
_aIslamic Studies IS201 _cDr. Saad Siddiqui _hCD-ROM |
||
| 260 |
_aLahore: _bVirtual University, _c2005. |
||
| 300 | _e3 CD-ROMs | ||
| 500 | _aLectures: 1-5, 6-10, 11-16 (3 CD-ROMs) | ||
| 942 |
_cCD _k297.09 SAA _2ddc |
||
| 999 |
_c9466 _d9466 |
||